| 000 | 00597nam a2200181Ia 4500 | ||
|---|---|---|---|
| 003 | IN-BaIIA | ||
| 008 | 211028s9999 xx 000 0 eng d | ||
| 020 | _a0-8194-2515-X | ||
| 040 | _cIIA Library | ||
| 080 |
_a535.31 _bMAH |
||
| 100 |
_aMahajan, V.N _922202 |
||
| 245 | 0 |
_aOptical imaging and aberrations _bpt. 1, ray geometrical optics _cV. N. Mahajan |
|
| 260 |
_aUSA _bThe International Society for Optical Engineering _c1998 |
||
| 300 | _axxiii, 469p. | ||
| 490 | _aSPIE v. PM45 | ||
| 650 |
_aOptics, Geometrical optics _921555 |
||
| 942 | _cBK | ||
| 999 |
_c12673 _d12673 |
||